00709nam a2200205Ia 4500003000900000008004100009020001800050040001600068080001600084100002200100245010200122260003500224300001500259650002000274650002300294650001900317942000700336999001700343952014300360IN-BaIIA211028s9999 xx 000 0 eng d a0-618-25735-7 cIIA Library a530.12bGOT aGott, J. R927061 0aTime travel in Einstein's universebthe physical possibilities of travel through timecJ. R. Gott aBostonbHoughton Mifflinc2002 axii, 291p. aEinstein919993 aTime travel926777 aUniverse91987 cBK c14959d14959 00104070aBANbBANcGENd2003-02-27eEDS g583.11l1o530.12/ GOTp15881r2025-06-16s2025-03-11v583.11w2003-02-27yBKGRs. 583.11